CLINICAL TRIALS AND HUMAN RESEARCH (Record no. 8302)

MARC details
000 -LEADER
fixed length control field 00448nam a22001697a 4500
005 - DATE AND TIME OF LATEST TRANSACTION
control field 20230509123706.0
008 - FIXED-LENGTH DATA ELEMENTS--GENERAL INFORMATION
fixed length control field 230509b |||||||| |||| 00| 0 eng d
020 ## - INTERNATIONAL STANDARD BOOK NUMBER
ISBN 0-7879-6570-7
041 ## - LANGUAGE CODE
Language code of text/sound track or separate title eng
082 ## - DEWEY DECIMAL CLASSIFICATION NUMBER
Classification number 619.9 ROZ-C
100 ## - MAIN ENTRY--AUTHOR NAME
Personal name ROZOVSKY, FAY A. AND ADAMS , RODNEY K . ADAMS
245 ## - TITLE STATEMENT
Title CLINICAL TRIALS AND HUMAN RESEARCH
260 ## - PUBLICATION, DISTRIBUTION, ETC. (IMPRINT)
Name of publisher JOSSEY -BASS
300 ## - PHYSICAL DESCRIPTION
Number of Pages 639;P.
650 ## - SUBJECT ADDED ENTRY--TOPICAL TERM
Topical Term PHARMACY
General subdivision B. PHARMA
942 ## - ADDED ENTRY ELEMENTS (KOHA)
Koha item type Books
Holdings
Lost status Damaged status Collection code Home library Current library Shelving location Date acquired Source of acquisition Cost, normal purchase price Full call number Accession Number Koha item type
    PHARMACY JRU Library JRU Library SHELF-4-C 08/05/2023 LOHIA BOOKS INTERNATIONAL 13627.00 619.9 ROZ-C 27715 Books